书目信息 |
| 题名: |
燃气场站安全管理
|
|
| 作者: | 花景新 主编 | |
| 分册: | ||
| 出版信息: | 北京 化学工业出版社 2007 |
|
| 页数: | 170页 | |
| 开本: | 24cm | |
| 丛书名: | 燃气工程管理与技术丛书 | |
| 单 册: | ||
| 中图分类: | TU996.9 | |
| 科图分类: | ||
| 主题词: | 城市--燃料气--安全管理 , 城市 , 燃料气 , 安全管理 | |
| 电子资源: | ||
| ISBN: | 978-7-122-00356-0 | |
| 000 | 00941oam2 2200289 450 | |
| 001 | 003550460 | |
| 005 | 20130627094030.29 | |
| 010 | @a978-7-122-00356-0@dCNY28.00 | |
| 100 | @a20070327d2007 em y0chiy0110 ea | |
| 101 | 0 | @achi |
| 102 | @aCN@b110000 | |
| 105 | @ay z 000yy | |
| 106 | @ar | |
| 200 | 1 | @a燃气场站安全管理@9ran qi chang zhan an quan guan li@f花景新主编 |
| 210 | @a北京@c化学工业出版社@d2007 | |
| 215 | @a170页@d24cm | |
| 225 | 2 | @a燃气工程管理与技术丛书 |
| 330 | @a本书阐述了城市燃气的基本知识、防火防爆基本知识、人工煤气场站的安全管理、液化石油气场站的安全管理、天然气场站的安全管理、城市燃气加气站的安全管理等内容。 | |
| 461 | 0 | @12001 @a燃气工程管理与技术丛书 |
| 606 | 0 | @a城市@x燃料气@x安全管理 |
| 606 | 0 | @a城市 |
| 606 | 0 | @a燃料气 |
| 606 | 0 | @a安全管理 |
| 690 | @aTU996.9@v4 | |
| 701 | 0 | @a花景新@9hua jing xin@f(1964.9~)@4主编 |
| 801 | 0 | @aCN@bNLC@c20071010 |
| 905 | @b546157-60@dTU996.9@e639@f4 | |
| 燃气场站安全管理/花景新主编.-北京:化学工业出版社,2007 |
| 170页;24cm.-(燃气工程管理与技术丛书) |
| ISBN 978-7-122-00356-0:CNY28.00 |
| 本书阐述了城市燃气的基本知识、防火防爆基本知识、人工煤气场站的安全管理、液化石油气场站的安全管理、天然气场站的安全管理、城市燃气加气站的安全管理等内容。 |
| ● |
| 相关链接 |
|
|
|
|
正题名:燃气场站安全管理
索取号:TU996.9/639
 
预约/预借
| 序号 | 登录号 | 条形码 | 馆藏地/架位号 | 状态 | 备注 |
| 1 | 546157 | 205461579 | 第二样本阅览室/ [索取号:TU996.9/639] | 在馆 | |
| 2 | 546158 | 205461588 | 第三借阅区/ [索取号:TU996.9/639] | 在馆 | |
| 3 | 546159 | 205461597 | 第三借阅区/ [索取号:TU996.9/639] | 在馆 | |
| 4 | 546160 | 205461604 | 密集书库-化学系/ [索取号:TU996.9/639] | 在馆 |